Frecuencia de uso de las estrategias de aprendizaje de lenguas en estudiantes de inglés como lengua extranjera. (Record no. 183048)
[ view plain ]
| 000 -CABECERA | |
|---|---|
| campo de control de longitud fija | 01632nab a2200289 a 4500 |
| 005 - FECHA Y HORA DE LA ÚLTIMA TRANSACCIÓN | |
| campo de control | 20250519132953.0 |
| 008 - ELEMENTOS DE LONGITUD FIJA--INFORMACIÓN GENERAL | |
| campo de control de longitud fija | 991125c2016 sp fr p o 000 0 spa d |
| 035 ## - NÚMERO DE CONTROL DEL SISTEMA | |
| Número de control de sistema | UPN01000210947 |
| 040 ## - FUENTE DE LA CATALOGACIÓN | |
| Centro catalogador/agencia de origen | MX-MxUPN |
| Lengua de catalogación | spa |
| Centro/agencia transcriptor | MX-MxUPN |
| Normas de descripción | aacr2 |
| 049 ## - COLECCIÓN | |
| Colección | ART-E |
| 100 1# - ASIENTO PRINCIPAL--NOMBRE PERSONAL | |
| Nombre de persona | Risueño Martínez, Jesús J. |
| 100 1# - ASIENTO PRINCIPAL--NOMBRE PERSONAL | |
| Nombre de persona | Vázquez Pérez, María Luisa |
| 100 1# - ASIENTO PRINCIPAL--NOMBRE PERSONAL | |
| Nombre de persona | Hidalgo Navarrete, José |
| 100 1# - ASIENTO PRINCIPAL--NOMBRE PERSONAL | |
| Nombre de persona | De la Blanca de la Paz, Soledad |
| 245 10 - MENCIÓN DE TÍTULO | |
| Título | Frecuencia de uso de las estrategias de aprendizaje de lenguas en estudiantes de inglés como lengua extranjera. |
| 506 0# - NOTA DE RESTRICCIONES AL ACCESO | |
| Limitaciones de acceso | Acceso abierto |
| 520 3# - NOTA DE RESUMEN, ETC. | |
| Sumario, etc. | El propósito del presente estudio es explorar cómo utilizan las estrategias de aprendizaje de lenguas estudiantes españoles de inglés como lengua extranjera inmersos en distintos cursos intensivos de inglés. Más concretamente, qué frecuencia de uso global realizan, qué categorías de estrategias utilizan más y, dentro de éstas, qué estrategias individuales son las más utilizadas. Se ha utilizado un cuestionario para la obten ción de los datos. Los resultados indican que nuestros participantes (N=206) hacen un uso moderado de esas estrategias, siendo las metacognitivas y las afectivas las más utilizadas. |
| 650 #4 - ASIENTO SECUNDARIO DE MATERIA - TERMINO TEMATICO | |
| Término de materia o nombre geográfico como elemento de entrada | Estrategias de aprendizaje |
| 9 (RLIN) | 16394 |
| 650 #2 - ASIENTO SECUNDARIO DE MATERIA - TERMINO TEMATICO | |
| Término de materia o nombre geográfico como elemento de entrada | Cursos |
| 9 (RLIN) | 12752 |
| 653 0# - TERMINO DE INDIZACION - NO CONTROLADO | |
| Término no controlado | Aprendizaje del inglés |
| 653 0# - TERMINO DE INDIZACION - NO CONTROLADO | |
| Término no controlado | Lengua extranjera |
| 773 ## - ENLACE AL DOCUMENTO FUENTE/ENTRADA DE REGISTRO ANFITRIÓN | |
| Parte(s) relacionada(s) | Vol. 18, no. 1 (2016), p. 155-178 |
| Título | Aula de encuentro |
| Número Internacional Normalizado para Publicaciones Seriadas | 2341-4847 |
| 856 4# - LOCALIZACIÓN Y ACCESO ELECTRÓNICOS | |
| Identificador Uniforme del Recurso | <a href="https://revistaselectronicas.ujaen.es/index.php/ADE/article/view/2875">https://revistaselectronicas.ujaen.es/index.php/ADE/article/view/2875</a> |
| 902 ## - ELEMENTOS DE DATOS B LOCAL, LDB (RLIN) | |
| Creó | Gloria Jiménez/190525 |
| 905 ## - TIPO DE MATERIAL | |
| Tipo de material | Articulo |
| 942 ## - ELEMENTOS DE PUNTO DE ACCESO ADICIONAL (KOHA) | |
| Tipo de ítem Koha | Artículo Electrónico |
| Estado de retiro | Estado de pérdida | Estado dañado | No para préstamo | Código de colección | Localización permanente | Ubicación/localización actual | Ubicación en estantería | Fecha de adquisición | Total de préstamos | Fecha visto por última vez | Identificador Uniforme del Recurso | Precio válido a partir de | Tipo de ítem Koha |
|---|---|---|---|---|---|---|---|---|---|---|---|---|---|
| Acceso abierto | Bib. Gregorio Torres Quintero | Bib. Gregorio Torres Quintero | En línea | 19/05/2025 | 19/05/2025 | https://revistaselectronicas.ujaen.es/index.php/ADE/article/view/2875 | 19/05/2025 | Artículo Electrónico |
